000 00507nam a2200157 a 4500
001 000044763
005 20201002045617.0
008 150109s2014 dr 000 0 spa d
040 _aDO-SdBNP
_bspa
_cBNPHU
082 _axxxxxx
_bxxxxxx
100 1 _aRodríguez Reyes, Berelise
_972771
245 1 3 _aLo que tengo y nadie conoce /
_cBerelise Rodríguez Reyes.
260 _aSanto Domingo :
_bs. n.,
_c2014.
300 _a28 p. ;
_c21 cm.
500 _aIncluye datos biográficos de la autora en la contracubierta
999 _c44252
_d44252